| 000 | 00442nam a2200169 a 4500 | ||
|---|---|---|---|
| 005 | 20140412111301.0 | ||
| 008 | 010417s19uu xx 00 eng d | ||
| 020 | _a0-7496-1117-0 | ||
| 050 |
_aM 582.16 _bP733 1993 |
||
| 100 | _aPluckrose, Henry | ||
| 245 |
_aWalkabout: trees / _cHenry Pluckrose. |
||
| 260 |
_aLondon : _bWatts Books, _c1993. |
||
| 300 | _a1 v. (unp.) ; ill. | ||
| 440 | _aWalkabout | ||
| 650 | _aTitle | ||
| 999 |
_c103387 _d103387 |
||